[Event "Vrnjacka Banja"]
[Site "Vrnjacka Banja"]
[Date "1987.??.??"]
[Round "11"]
[White "Atanasijadis, Antimos"]
[Black "Strikovic, Aleksa"]
[Result "1-0"]
[WhiteElo "2305"]
[BlackElo "2400"]

1.c4 e5 2.g3 Nc6 3.Bg2 d6 4.Nc3 Be6 5.d3 Qd7 6.e3 g6 7.Rb1 Bg7 8.b4 Nf6 9.b5 Nd8
10.Nd5 c6 11.bxc6 bxc6 12.Nxf6+ Bxf6 13.Qa4 O-O 14.Ba3 Bg7 15.Ne2 f5 16.O-O f4
17.exf4 exf4 18.Nxf4 Rxf4 19.gxf4 Bh3 20.Qd1 Bxg2 21.Kxg2 Ne6 22.Bc1 Rf8
23.Re1 Bc3 24.Re4 d5 25.cxd5 cxd5 26.Qa4 Qf7 27.Rxe6 Qxe6 28.h3 g5 29.Rb7 gxf4
30.Bxf4 Qg6+ 31.Bg3 h5 32.h4 Be5 33.Qd7 Rxf2+ 34.Kxf2 Qxg3+ 35.Ke2 Qg2+ 36.Kd1 Qf1+
37.Kd2 Bf4+ 38.Kc3 Qa1+ 39.Kb4 Qd4+ 40.Ka5 Bd2+ 41.Ka6 Qxd3+ 42.Rb5 Qa3+
43.Kb7 Qxa2 44.Ka8  1-0

[Event "Warsaw zt-A"]
[Site "Warsaw"]
[Date "1987.??.??"]
[Round "?"]
[White "Csom, Istvan"]
[Black "Mokry, Karel"]
[Result "1/2-1/2"]
[WhiteElo "2485"]
[BlackElo "2485"]

1.c4 e5 2.g3 g6 3.Bg2 Bg7 4.Nc3 d6 5.d3 Nc6 6.Nf3 Nge7 7.Rb1 O-O 8.O-O Nd4
9.b4 Nxf3+ 10.Bxf3 c6 11.Bg2 Be6 12.b5 f5  1/2-1/2

[Event "Zenica"]
[Site "Zenica"]
[Date "1987.??.??"]
[Round "?"]
[White "Cebalo, Miso"]
[Black "Kovacevic, Vlatko"]
[Result "1/2-1/2"]
[WhiteElo "2480"]
[BlackElo "2490"]

1.c4 e5 2.g3 g6 3.Bg2 Bg7 4.Nc3 d6 5.d3 Ne7 6.e4 Nbc6 7.Nge2 O-O 8.O-O Bd7
9.Be3 Nd4 10.Qd2 Bh3 11.Bh6 Bxg2 12.Kxg2 Nxe2 13.Nxe2 Bxh6 14.Qxh6 f5 15.f3 Qd7
16.b3 Rf7 17.Rad1 Raf8 18.Qe3 c5 19.f4 b6 20.Rde1  1/2-1/2

[Event "Almada"]
[Site "Almada"]
[Date "1988.??.??"]
[Round "5"]
[White "Pereira, Alvaro"]
[Black "Fernandes, Antonio"]
[Result "0-1"]
[WhiteElo "2305"]
[BlackElo "2400"]

1.g3 e5 2.c4 Nc6 3.Bg2 f5 4.Nc3 Nf6 5.d3 g6 6.e4 Bg7 7.exf5 gxf5 8.Nge2 O-O
9.Bg5 d6 10.O-O Be6 11.Nd5 Qd7 12.Bxf6 Bxf6 13.Rb1 Bg7 14.f4 Rae8 15.b4 Nd8
16.Qc2 Nf7 17.b5 Nh6 18.h3 Qf7 19.Rb3 Kh8 20.Ra3 c6 21.bxc6 bxc6 22.Nb4 e4
23.dxe4 fxe4 24.c5 Qd7 25.Kh2 Rb8 26.Qa4 dxc5 27.Na6 Rb5 28.Rd1 Qf7 29.Qxe4 Rb2
30.Nc7 Bf5 31.Qxc6 Rxe2 32.Rxa7 Bxh3 33.Rg1 Ng4+ 34.Kh1 Qh5  0-1

[Event "Almada"]
[Site "Almada"]
[Date "1988.??.??"]
[Round "6"]
[White "Silva, Fernando"]
[Black "Pereira, Alvaro"]
[Result "1/2-1/2"]
[WhiteElo "2325"]
[BlackElo "2305"]

1.c4 e5 2.g3 Nc6 3.Bg2 g6 4.Nc3 Bg7 5.Rb1 a5 6.a3 Nf6 7.b4 axb4 8.axb4 O-O
9.b5 Ne7 10.Nf3 d6 11.O-O h6 12.d4 exd4 13.Nxd4 Nd7 14.Ne4 Nb6 15.Rb4 d5
16.cxd5 Nexd5 17.Rb3 f5 18.Nc5 Qd6 19.Na6 bxa6 20.Ba3 Qf6 21.Bxf8 Kxf8 22.Nc2 Be6
23.Rd3 axb5 24.Bxd5 Bxd5 25.Rxd5 Nxd5 26.Qxd5 Rb8 27.Rd1 Qe7 28.Qc6 Rb6 29.Qa8+ Kf7
30.Ne3 Rd6 31.Rc1 Bd4 32.Qb7 c5 33.Qxb5 Bxe3 34.Qb3+ Qe6 35.Qxe3 Qxe3 36.fxe3 Rc6
37.Kf2 Ke6 38.e4 fxe4 39.Ke3 Kd5 40.Rd1+ Ke5 41.Rd8 c4 42.Re8+ Kd5 43.Rxe4 Kc5
44.Kd2  1/2-1/2

[Event "NOR-ch"]
[Site "Asker"]
[Date "1988.??.??"]
[Round "2"]
[White "Ulrichsen, Jarl Henning"]
[Black "Moen, Ole Christian"]
[Result "0-1"]
[WhiteElo "2285"]
[BlackElo "2305"]

1.c4 e5 2.g3 Nf6 3.Nc3 Bb4 4.Bg2 O-O 5.Nf3 Re8 6.O-O Nc6 7.a3 Bxc3 8.dxc3 d6
9.Qc2 Be6 10.b3 Qc8 11.Ng5 Bf5 12.e4 Bd7 13.Rd1 h6 14.Nf3 Bh3 15.Ne1 Ne7
16.f3 Nh7 17.Bxh3 Qxh3 18.Qg2 Qe6 19.Nc2 f5 20.exf5 Nxf5 21.Ne3 Rf8 22.Nd5 Rf7
23.f4 c6 24.Ne3 Ne7 25.Nc2 Raf8 26.Re1 Qg6 27.Qe4 Qxe4 28.Rxe4 Ng6 29.Be3 exf4
30.gxf4 Nxf4 31.Bxf4 Rxf4 32.Rxf4 Rxf4 33.Rd1 Rf6 34.Nd4 Ng5 35.b4 Kf7 36.Nb3 Nh3+
37.Kg2 Nf4+ 38.Kh1 b6 39.Re1 Re6 40.Rf1 g5 41.Nd4 Re3 42.Rc1 Ne2 43.Rf1+ Nf4
44.Rc1 c5 45.Nb5 d5 46.cxd5 Nxd5 47.c4 Nf4 48.Nxa7 Rxa3 49.Nb5 Rd3 50.bxc5 bxc5
51.Nc7 Rd6 52.h4 Kg6 53.hxg5 hxg5 54.Nb5 Rd3 55.Re1 g4 56.Nc7 Rd4 57.Rc1 Rd7
58.Rf1 Rh7+ 59.Kg1 Nh3+ 60.Kh2 Rxc7 61.Kg3 Rf7  0-1

[Event "NOR-ch"]
[Site "Asker"]
[Date "1988.??.??"]
[Round "2"]
[White "Jansson, Joran"]
[Black "Ostenstad, Berge"]
[Result "1/2-1/2"]
[WhiteElo "2325"]
[BlackElo "2405"]

1.g3 e5 2.c4 f5 3.Bg2 Nf6 4.d4 d6 5.e3 c6 6.Ne2 Be7 7.O-O O-O 8.b4 Nbd7 9.Qc2 e4
10.a4 d5 11.b5 Nb6 12.cxd5 cxd5 13.Nd2 Bd7 14.Ba3 Rc8 15.Qa2 a6 16.bxa6 bxa6
17.a5 Nc4 18.Bxe7 Qxe7 19.Rfc1 Nxd2 20.Qxd2 Bb5 21.Nc3 Bd3 22.Na4 Nd7 23.Bf1 Bxf1
24.Kxf1 Qd6 25.Rc2 Qh6 26.Kg2 Rxc2 27.Qxc2 g5 28.Qb3 Qd6 29.Nc3 Nf6 30.Qb6 Qd7
31.Qxa6 f4 32.h3 Qf5 33.g4 Nxg4 34.hxg4 Qxg4+ 35.Kf1 fxe3 36.Ra2 Qh3+ 37.Kg1 Qg4+
38.Kf1 Qh3+ 39.Kg1 exf2+ 40.Rxf2 Qg3+ 41.Rg2 Qe1+  1/2-1/2

[Event "Thaelmann"]
[Site "Berlin-Ost"]
[Date "1988.??.??"]
[Round "?"]
[White "Uhlmann, Wolfgang"]
[Black "Gipslis, Aivars"]
[Result "1-0"]
[WhiteElo "2505"]
[BlackElo "2505"]

1.c4 e5 2.g3 Nc6 3.Bg2 g6 4.e3 Bg7 5.Ne2 h5 6.d4 h4 7.Nbc3 d6 8.d5 Nce7 9.e4 Bg4
10.Qd3 Nf6 11.Bg5 Nd7 12.h3 Nc5 13.Qc2 Bd7 14.b4 Na6 15.a3 f6 16.Bd2 Bh6
17.O-O-O Bxd2+ 18.Qxd2 g5 19.f4 Ng6 20.f5 Nf8 21.Qe3 Qe7 22.Kb2 Nb8 23.Nc1 Qh7
24.g4 Qe7 25.Nb3 a6 26.Bf1 Kf7 27.Rh2 Kg7 28.c5 Nh7 29.Rc2 Rd8 30.Rdc1 Be8
31.Na5 dxc5 32.Nxb7 cxb4 33.Na2 bxa3+ 34.Qxa3 Qxa3+ 35.Kxa3 Rd7 36.Nc5 Re7
37.Ne6+ Kh6 38.Nxc7 Rxc7 39.Rxc7 Bd7 40.Rb1  1-0

[Event "Berlin Neukoelln"]
[Site "Berlin-West"]
[Date "1988.??.??"]
[Round "?"]
[White "Hausner, Ivan"]
[Black "Lehmann, Klaus"]
[Result "1-0"]
[WhiteElo "2425"]
[BlackElo "2340"]

1.c4 e5 2.g3 Nf6 3.Bg2 c6 4.Nf3 e4 5.Nd4 d5 6.cxd5 Qxd5 7.Nc2 Qh5 8.Nc3 Bh3
9.Ne3 Bxg2 10.Nxg2 Nbd7 11.Qc2 Qe5 12.d3 exd3 13.Qxd3 Bc5 14.Bf4 Qe6 15.O-O O-O
16.Nh4 Ne5 17.Qf5 Rfe8 18.Rad1 g6 19.Qxe6 Rxe6 20.Bg5 Ned7 21.a3 Bf8 22.Nf3 h6
23.Bf4 Nb6 24.Bc1 Nbd5 25.Nxd5 Nxd5 26.Rfe1 Rae8 27.Kf1 Bg7 28.Nd4 R6e7 29.Nb3 Nb6
30.Nc5 Nc4 31.b3 Nb6 32.e4 f5 33.exf5 gxf5 34.Rxe7 Rxe7 35.Rd8+ Kf7 36.Rb8 Nd7
37.Nxd7 Rxd7 38.Be3 a6 39.Ke2 Be5 40.Ra8 h5 41.a4 Bd4 42.Rb8 Re7 43.Kf3 Bxe3
44.fxe3 Kg6 45.h4 Kf6 46.a5 Kg6 47.Rd8 Kf6 48.Rd6+ Ke5 49.Rh6 Rg7 50.Rxh5 Kf6
51.Rh6+ Ke5 52.Rh8 Rg4 53.e4 Kd6 54.Rd8+ Kc5 55.exf5  1-0

[Event "Berlin op"]
[Site "Berlin-West"]
[Date "1988.??.??"]
[Round "6"]
[White "Smejkal, Jan"]
[Black "Unrath, Heiko"]
[Result "0-1"]
[WhiteElo "2515"]
[BlackElo "2060"]

1.c4 e5 2.g3 Nf6 3.Bg2 Nc6 4.Nc3 Bb4 5.Nd5 Bc5 6.e3 O-O 7.Ne2 Nxd5 8.cxd5 Ne7
9.O-O d6 10.d4 Bb6 11.dxe5 dxe5 12.Nc3 Nf5 13.Na4 Nd6 14.b3 Bd7 15.Nxb6 axb6
16.Bb2 Qe7 17.Qd2 Rfc8 18.a4 b5 19.a5 Ra6 20.Rfc1 Bf5 21.Qb4 f6 22.e4 Bd7
23.f4 c6 24.fxe5 fxe5 25.dxc6 Raxc6 26.Rxc6 Rxc6 27.Rd1 Bg4 28.Rc1 Qg5 29.Qe1 Ra6
30.Rc5 Rxa5 31.Rxe5 Qd8 32.Rd5 Ra2 33.Qb1 Qb6+ 34.Bd4 Qa6 35.e5 Rxg2+ 36.Kxg2 Qc6
37.Qa1 Qxd5+ 38.Kg1 Bh3 39.Qb2 Qe4 40.Qd2 Qb1+ 41.Kf2 Ne4+  0-1

[Event "Bern op"]
[Site "Bern"]
[Date "1988.??.??"]
[Round "?"]
[White "Erdelyi, Tamas"]
[Black "Bottema, Tom"]
[Result "1-0"]
[WhiteElo "2330"]
[BlackElo "2240"]

1.c4 e5 2.g3 Nc6 3.Bg2 f5 4.d3 Bb4+ 5.Nc3 Bxc3+ 6.bxc3 d6 7.Qb3 Nge7 8.Nh3 O-O
9.O-O Kh8 10.f4 Rb8 11.Ba3 b6 12.fxe5 Nxe5 13.c5 dxc5 14.Bxc5 Bb7 15.Bxb7 bxc5
16.Rab1 c4 17.Qb5 Ng4 18.Qc5 cxd3 19.exd3 Ng6 20.d4 f4 21.Ng5 Rf6 22.Bd5 Ne3
23.Nf7+ Rxf7 24.Bxf7 Nxf1 25.Rxf1 fxg3 26.hxg3 Qd6 27.Qxd6 cxd6 28.Bxg6 hxg6
29.Rf2 Rc8 30.Rc2 d5 31.Kf2 Kh7 32.Ke3 Kh6 33.Kd3 Kg5 34.c4 Kg4 35.cxd5 Rd8
36.Rc7 Rxd5 37.Rxg7 g5 38.Rxa7 Kxg3 39.Ke4 Rd8 40.d5 g4 41.Ke5 Kf2 42.Rf7+ Ke3
43.Rg7 Kf3 44.d6 Re8+ 45.Kf6 Re3 46.d7 Rd3 47.Ke7 Re3+ 48.Kf8  1-0

[Event "Caorle op"]
[Site "Caorle"]
[Date "1988.??.??"]
[Round "1"]
[White "Pesco, G."]
[Black "Romagnoli, F."]
[Result "0-1"]
[WhiteElo "1900"]
[BlackElo "1940"]

1.c4 e5 2.g3 Nf6 3.Bg2 Nc6 4.e3 d5 5.cxd5 Nxd5 6.a3 a5 7.Ne2 Be7 8.O-O O-O
9.d3 Be6 10.Nbc3 Qd7 11.d4 exd4 12.exd4 Rad8 13.Be3 Bf6 14.Ne4 b6 15.Rc1 Nce7
16.Nxf6+ Nxf6 17.Nf4 Bd5 18.Qc2 Bxg2 19.Kxg2 Ned5 20.Nd3 Nxe3+ 21.fxe3 Qd5+
22.Rf3 Ng4 23.Qe2 Rfe8 24.Kg1 Qxd4 25.exd4 Rxe2 26.Rxc7 Nf6 27.Rf2 Ree8 28.Ne5 Rxd4
29.Nxf7 Ng4 30.Rf1 Rd2 31.h3 Ne3 32.Re1 Rg2+ 33.Kh1 Rxg3 34.Nd6 Rxh3+ 35.Kg1 Rf8
36.Rc3 Rg3+ 37.Kh1 Rh3+ 38.Kg1 Rg3+ 39.Kh1 Rg6 40.Rexe3 Rxd6 41.Re7 Rd2 42.b4 axb4
43.axb4 Rb2 44.Re4 g6 45.Kg1 Kg7  0-1

[Event "DEN-chB"]
[Site "?"]
[Date "1988.??.??"]
[Round "2"]
[White "Andersen, Ib"]
[Black "Jorgensen, Per Henrik Dorff"]
[Result "0-1"]
[WhiteElo "2215"]
[BlackElo "2310"]

1.c4 e5 2.g3 g6 3.Bg2 Bg7 4.Nc3 Nf6 5.e3 d6 6.Nge2 O-O 7.O-O Nbd7 8.b4 a5
9.b5 Nb6 10.Qb3 Be6 11.d3 d5 12.c5 d4 13.Qd1 Nbd5 14.exd4 exd4 15.Na4 Bg4
16.h3 Bxe2 17.Qxe2 Re8 18.Qf3 Qd7 19.Rb1 Nb4 20.a3 Qxb5 21.axb4 Qxa4 22.Bg5 Nd7
23.Qxb7 Ne5 24.Ra1 Qd7 25.bxa5 Rab8 26.Qd5 Qc8 27.a6 c6 28.Qa2 Nxd3 29.a7 Ra8
30.Qa4 Re6 31.Qa3 Ne5 32.Rfd1 Nd7 33.Bf1 Bf8 34.Bc4 Bxc5 35.Qb3 Re5 36.Bxf7+ Kg7
37.Bf4 Re7 38.Be6 Qe8 39.Bxd7 Qxd7 40.Bb8 Bxa7 41.Bxa7 Rxa7 42.Rxa7 Qxa7
43.Qc4 c5 44.Rc1 Re5 45.h4 Qe7 46.Qd3 Re1+ 47.Rxe1 Qxe1+ 48.Kg2 Qe6 49.Qf3 h5
50.Qb7+ Kf6 51.Qf3+ Ke5 52.Kg1 c4 53.Qf4+ Kd5 54.Qf3+ Kd6 55.Qf4+ Kc5 56.Qg5+ Kc6
57.Qa5 d3 58.Qa6+ Kd5 59.Qb5+ Kd4 60.Qb4 Qc6 61.Kh2 Qc5 62.Qd2 Qd6 63.Qe3+ Kc3
64.Qc1+ Kb4 65.Qb2+ Ka4 66.Qa2+ Kb5 67.Qd2 Qd4 68.Qg5+ Kb4 69.Qe7+ Kb3 70.Qb7+ Kc2
71.Qa6 d2 72.Qa2+ Kd3 73.Qb1+ Ke2 74.Qc2 Qxf2+ 75.Kh1 Qf3+ 76.Kh2 Ke1  0-1

[Event "DSV-Turnier"]
[Site "Dresden"]
[Date "1988.??.??"]
[Round "?"]
[White "Uhlmann, Wolfgang"]
[Black "Romanishin, Oleg M"]
[Result "0-1"]
[WhiteElo "2505"]
[BlackElo "2550"]

1.c4 e5 2.g3 Nf6 3.Bg2 d5 4.cxd5 Nxd5 5.Nc3 Nb6 6.Nf3 Nc6 7.d3 Be7 8.O-O O-O
9.Be3 Be6 10.Na4 e4 11.Ne1 exd3 12.Nxd3 Bd5 13.Nxb6 axb6 14.Bxd5 Qxd5 15.Bf4 Bd6
16.Bxd6 Qxd6 17.a3 Rfe8 18.Nb4 Qxd1 19.Rfxd1 Nxb4 20.axb4 Rxa1 21.Rxa1 Kf8
22.Rc1 c6 23.b5 c5 24.b4 cxb4 25.Rc4 Rxe2 26.Rxb4 Ke7 27.Kf1 Re5 28.f4 Rd5
29.Ke2 Kd6 30.Ke3 f5 31.Rb1 g6 32.h3 h5 33.g4 hxg4 34.hxg4 fxg4 35.Rg1 Ke6
36.Rxg4 Kf6 37.Rh4 Rh5 38.Rg4 Rxb5 39.Rg1 Rd5 40.Ke4 Rd6 41.Rg5 Ke7 42.Ke5 Kd7
43.Rg1 b5 44.Rb1 Re6+ 45.Kd4 Rf6 46.Ke4 Kc6 47.Ke5 Rf5+ 48.Ke4 Kb6 49.Rg1 Rf6
50.Kd3 b4 51.Rg5 Rc6 52.Kd2 Ka6 53.f5 gxf5 54.Rxf5 b6  0-1

[Event "Gausdal Int"]
[Site "Gausdal"]
[Date "1988.??.??"]
[Round "?"]
[White "Maus, Soenke"]
[Black "Bern, Ivar"]
[Result "0-1"]
[WhiteElo "2400"]
[BlackElo "2335"]

1.c4 e5 2.g3 Nc6 3.Bg2 g6 4.Nc3 Bg7 5.Rb1 Nge7 6.b4 a6 7.a4 a5 8.b5 Nb4 9.Ba3 c5
10.bxc6 bxc6 11.Bxb4 axb4 12.Rxb4 d5 13.cxd5 Nxd5 14.Nxd5 cxd5 15.Rb5 Be6
16.e3 O-O 17.Ne2 d4 18.exd4 exd4 19.O-O Ra7 20.Re1 Qd6 21.d3 Qa3 22.Nf4 Bd7
23.Rb3 Qd6 24.Qb1 Bxa4 25.Rb6 Qd8 26.Nd5 Bd7 27.h4 Be6 28.Nf4 Bf5 29.Rb5 Ra3
30.Qb4 Ra7 31.Be4 Bxe4 32.Rxe4 Qa8 33.Nd5 Ra1+ 34.Kg2 Qa3 35.Ne7+ Kh8 36.Qb3 Qc1
37.Kf3 Qh1+ 38.Kf4 Qg2 39.Re2 Re1 40.Rxe1 Qxf2+ 41.Kg4 h5+  0-1

[Event "Arnold Cup"]
[Site "Gausdal"]
[Date "1988.??.??"]
[Round "?"]
[White "Mednis, Edmar John"]
[Black "Bern, Ivar"]
[Result "1-0"]
[WhiteElo "2440"]
[BlackElo "2340"]

1.c4 e5 2.g3 Nc6 3.Bg2 g6 4.Nc3 Bg7 5.d3 d6 6.Rb1 Nge7 7.b4 a6 8.e3 Rb8 9.a4 a5
10.b5 Nb4 11.Nge2 h5 12.O-O h4 13.Nd5 c5 14.Nxe7 Qxe7 15.Nc3 Be6 16.Nd5 Nxd5
17.cxd5 Bd7 18.Qd2 b6 19.Bb2 Kf8 20.Rbe1 hxg3 21.fxg3 Kg8 22.d4 c4 23.e4 Bh3
24.Bxh3 Rxh3 25.dxe5 Bxe5 26.Bxe5 Qxe5 27.Qf4 Qxf4 28.Rxf4 Kg7 29.Rc1 Rc8
30.Rf3 Rc5 31.Rfc3 Kf6 32.Rxc4 Ke5 33.Kg2 Rh8 34.h4 f5 35.exf5 gxf5 36.Re1+ Kxd5
37.Rf4 Rc2+ 38.Kh3 Rf8 39.Ref1 Ke5 40.Re1+ Kd5 41.h5 Rd2 42.h6 Rd4 43.Rxd4+ Kxd4
44.Kh4 d5 45.h7 Kc3 46.Kg5 d4 47.Rh1 Rh8 48.Kg6 d3 49.Kg7 Rd8 50.h8=Q Rxh8
51.Kxh8 d2 52.Kg7 Kc2 53.Kf6 d1=Q 54.Rxd1 Kxd1 55.Kxf5 Kc2 56.g4 Kb3 57.g5 Kxa4
58.g6  1-0

[Event "BL2-W8788"]
[Site "Germany"]
[Date "1988.??.??"]
[Round "?"]
[White "Sehner, Norbert"]
[Black "Groenegress, Wilfried"]
[Result "1-0"]
[WhiteElo "2415"]
[BlackElo "2220"]

1.c4 e5 2.g3 Nc6 3.Bg2 d6 4.Nc3 g6 5.e3 Bg7 6.d3 Bd7 7.Rb1 a5 8.a3 Nge7 9.b4 axb4
10.axb4 Qc8 11.h3 O-O 12.Nge2 Nd8 13.Bd2 Bc6 14.Nd5 Bxd5 15.cxd5 c6 16.e4 Qd7
17.O-O cxd5 18.exd5 f5 19.Qb3 Nf7 20.b5 Bh6 21.Bxh6 Nxh6 22.d4 Nf7 23.dxe5 dxe5
24.Rfd1 Qd6 25.b6 Rfc8 26.Ra1 Rxa1 27.Rxa1 Rd8 28.Ra7 Rd7 29.Ra5 h6 30.Qb2 Kh7
31.Nc3 Nc8 32.Na4 e4 33.Nc5 Re7 34.Ne6 Qe5 35.Qa3 Ncd6 36.Qc5 Re8 37.Nc7 Re7
38.Ra8 e3 39.Qxe3 Qxe3 40.fxe3 Rxe3 41.Kf2 Rb3 42.h4 h5 43.Bf3 Rxb6 44.Ne6 Rb2+
45.Be2 b5 46.Rb8 Kh6 47.Ke3 Rb4 48.Nd4 Ne5 49.Rb6 Ndf7 50.Nxf5+ Kh7 51.Nd4 Ra4
52.Re6 b4 53.Ke4 Nd7 54.Nb3 Kg7 55.Kd4 Ra8 56.Bc4 Nf6 57.Nc5 Ra7 58.Rb6 Ne8
59.Ne4 Rd7 60.Rxb4 Ned6 61.Nxd6 Nxd6 62.Bd3 Rb7 63.Rxb7+ Nxb7 64.Ke5 Kh6
65.Kf6 Nc5 66.Bxg6 Nd7+  1-0

[Event "FIN-ch"]
[Site "Helsinki"]
[Date "1988.??.??"]
[Round "1"]
[White "Hentunen, Asko"]
[Black "Ebeling, Mika"]
[Result "1/2-1/2"]
[WhiteElo "2285"]
[BlackElo "2320"]

1.c4 e5 2.g3 Nf6 3.Nf3 Nc6 4.Bg2 Bc5 5.O-O d6 6.b3 O-O 7.Bb2 Re8 8.e3 Bg4
9.h3 Bh5 10.d4 exd4 11.exd4 Bb6 12.g4 Bg6 13.Nc3 a6 14.Ne2 h5 15.g5 Nh7 16.h4 Ne7
17.Nf4 Nf5 18.Qd2 c6 19.Bh3 d5 20.cxd5 cxd5 21.Nxg6 fxg6 22.Bxf5 gxf5 23.Qf4 g6
24.Ne5 Bc7 25.Rac1 Nf8 26.Rc2 Ne6 27.Qe3 Bxe5 28.dxe5 Qd7 29.Rd1 Red8 30.Rcd2 Qb5
31.Qf3 Qb4 32.Rxd5 Qxh4 33.Rxd8+ Rxd8 34.Rxd8+ Nxd8 35.Qd5+ Nf7 36.e6 Nxg5
37.e7+ Kh7 38.Qg2 Nh3+ 39.Kf1 Qxe7 40.Qxh3 Qc5 41.Qc3 Qxc3 42.Bxc3 f4 43.Kg2 g5
44.Kh3 Kg6 45.Ba5 Kf5 46.Bd8 Kg6 47.Kg2 Kf5 48.Kf3 Kg6 49.Ke2 Kf5 50.f3 Kg6
51.a4 Kf5 52.b4 Kg6 53.b5 axb5 54.axb5 Kf5 55.Be7 g4 56.Kf2 Ke6 57.Bg5 Kd5
58.Bxf4 gxf3 59.Be3 Kc4 60.b6 Kd5 61.Kxf3 Kc6 62.Kg3 Kd7 63.Bf4 Kc8 64.Kh4 Kd7
65.Kxh5 Kc8  1/2-1/2

[Event "IND-ch"]
[Site "?"]
[Date "1988.??.??"]
[Round "?"]
[White "Koshy, Varugeese"]
[Black "Barua, Dibyendu"]
[Result "0-1"]
[WhiteElo "2330"]
[BlackElo "2480"]

1.c4 e5 2.g3 Nc6 3.Bg2 g6 4.Nc3 Bg7 5.e4 d6 6.Nge2 h5 7.h3 Be6 8.d3 Qd7 9.Nd5 Nd8
10.d4 Nc6 11.Be3 exd4 12.Nxd4 Ne5 13.Rc1 c6 14.f4 Nxc4 15.Rxc4 cxd5 16.exd5 Bf5
17.Nxf5 gxf5 18.Bd4 Kf8 19.O-O Rh6 20.Bf3 Re8 21.Bxg7+ Kxg7 22.Qd4+ Nf6 23.Qxa7 h4
24.gxh4 Rxh4 25.Rb4 Re7 26.Bg2 Qc7 27.Qf2 Rh6 28.b3 Qc3 29.Rc4 Qd3 30.Rd4 Qc3
31.Rc4 Qd3 32.Rd4 Qc3 33.Qd2 Qc5 34.Kh1 Qc8 35.Rc4 Qe8 36.Rc3 Rg6 37.Rc2 Re3
38.Qd4 Reg3 39.Rd1 Kh7 40.Kh2 Qg8 41.Rdd2 Ne4 42.Re2 Nf6 43.Bf1 Qg7 44.Rcd2 Rg1  0-1

[Event "IND-ch"]
[Site "?"]
[Date "1988.??.??"]
[Round "?"]
[White "Koshy, Varugeese"]
[Black "Gupta, Radhey S"]
[Result "1-0"]
[WhiteElo "2330"]
[BlackElo "2300"]

1.c4 e5 2.g3 Nc6 3.Bg2 g6 4.Nc3 Bg7 5.e4 d6 6.Nge2 Nge7 7.d3 O-O 8.O-O f5
9.Be3 Be6 10.Nd5 Qd7 11.Qd2 Rae8 12.Rab1 Nc8 13.b3 Nd8 14.d4 fxe4 15.Bxe4 Bh3
16.Bg2 Bxg2 17.Kxg2 Nc6 18.Rbe1 Qf7 19.dxe5 Nxe5 20.f4 Ng4 21.Bg1 c6 22.Ndc3 Re7
23.h3 Nf6 24.Nd4 Rfe8 25.f5 Bh6 26.Qd1 Ne4 27.Nxe4 Rxe4 28.Rxe4 Rxe4 29.fxg6 Qxg6
30.Nf5 Bf8 31.Bd4 Ne7 32.Ne3 Bh6 33.Ng4 Nf5  1-0

[Event "IND-ch"]
[Site "?"]
[Date "1988.??.??"]
[Round "?"]
[White "Koshy, Varugeese"]
[Black "Prasad, Devaki V"]
[Result "1/2-1/2"]
[WhiteElo "2330"]
[BlackElo "2405"]

1.c4 e5 2.g3 Nc6 3.Bg2 g6 4.Nc3 Bg7 5.e4 d6 6.Nge2 Nge7 7.O-O O-O 8.d3 f5
9.f4 Be6 10.h3 Qd7 11.Kh2 Kh8 12.Rb1 Nd8 13.b3 c5 14.fxe5 dxe5 15.Be3 Rc8
16.Qd2 Nf7 17.Nd5 b6 18.Nxe7 Qxe7 19.Nc3 Qd7 20.Nd5 Nd8 21.Bh6 Bxd5 22.Bxg7+ Qxg7
23.cxd5 Nb7 24.Rf2 Nd6 25.Rbf1 Rc7 26.Kh1 Re8 27.Qe3 Rf8 28.Qg5 Nf7  1/2-1/2

[Event "IND-ch"]
[Site "?"]
[Date "1988.??.??"]
[Round "?"]
[White "Koshy, Varugeese"]
[Black "Ravisekhar, Raja"]
[Result "1/2-1/2"]
[WhiteElo "2330"]
[BlackElo "2355"]

1.c4 e5 2.g3 Nc6 3.Bg2 f5 4.d3 Nf6 5.Nc3 g6 6.e3 Bg7 7.Nge2 O-O 8.O-O d6
9.b3 Be6 10.Nd5 Rb8 11.Bb2 Ne7 12.Nxf6+ Bxf6 13.f4 c6 14.Qd2 Qc7 15.Rac1 Rbd8
16.d4 Bc8 17.d5 exf4 18.Bxf6 Rxf6 19.Nxf4 c5 20.Rce1 Rdf8 21.Rf2 g5 22.Nh5 Rh6
23.g4 Ng6 24.gxf5 Ne5 25.Qe2 Rxf5 26.Ref1 Rxf2 27.Qxf2 Qe7 28.Nf6+ Kg7 29.Ne4 Rg6
30.Ng3 Ng4 31.Qb2+ Kg8 32.Bh3 Qxe3+ 33.Kh1 h5 34.Qc2 Rg7 35.Qg2 Qe8 36.Ne4 Qe5
37.Bxg4 hxg4 38.Nf6+ Kh8 39.Nxg4 Bxg4 40.Qxg4 Re7 41.h4 gxh4 42.Qg6 Qe4+
43.Qxe4 Rxe4 44.Rf6 a6 45.Rxd6 b5 46.cxb5 axb5 47.Rc6 c4 48.bxc4 bxc4 49.a4 Rd4
50.d6 Kg7 51.a5 Kf7 52.a6 Ke6 53.a7  1/2-1/2

[Event "IND-ch"]
[Site "?"]
[Date "1988.??.??"]
[Round "?"]
[White "Koshy, Varugeese"]
[Black "Thipsay, Praveen Mahadeo"]
[Result "1/2-1/2"]
[WhiteElo "2330"]
[BlackElo "2420"]

1.c4 e5 2.g3 Nf6 3.Bg2 d5 4.cxd5 Nxd5 5.Nc3 Nb6 6.Nf3 Nc6 7.O-O Be7 8.d3 O-O
9.Be3 f5 10.Qc1 Kh8 11.Rd1 Be6 12.d4 e4 13.Ne5 Nd5 14.f3 exf3 15.Nxc6 bxc6
16.exf3 Bf6 17.Bf2 Nxc3 18.Qxc3 Bd5 19.f4 Re8 20.Bf1 Qd7 21.Bd3 g6 22.Re1 h5
23.Bc4 Rab8 24.Rac1 Be4 25.Rcd1 Kg7 26.h4 Qd6 27.Bb3 Qb4 28.Rd2 Red8 29.Rc1 a5
30.Be3 a4 31.Qxb4 Rxb4 32.Rc4 Rxc4 33.Bxc4 Rb8 34.b3 Bd5 35.Bxd5 cxd5 36.bxa4 Rb4
37.Rc2 Kf8 38.a5 Bxd4 39.Bxd4 Rxd4 40.Rxc7 Ra4  1/2-1/2

[Event "Moscow-B"]
[Site "Moscow"]
[Date "1988.??.??"]
[Round "?"]
[White "Pavlovic, Milos"]
[Black "Chekhov, Valery A"]
[Result "0-1"]
[WhiteElo "2390"]
[BlackElo "2480"]

1.c4 e5 2.g3 c6 3.d4 exd4 4.Qxd4 d5 5.Nf3 Nf6 6.Nc3 Be7 7.cxd5 cxd5 8.Bg2 Nc6
9.Qa4 O-O 10.Be3 Ng4 11.Bd4 Nxd4 12.Qxd4 Be6 13.O-O Qa5 14.Qf4 Rac8 15.Nd4 Rc4
16.Rad1 Bf6 17.h3 Be5 18.Nb3 Qa6 19.Qd2 Bxc3 20.bxc3 Nf6 21.Nd4 Rfc8 22.Rc1 Qd6
23.g4 h5 24.g5 Ne4 25.Qe3 Nxc3 26.f4 Qb6 27.Rxc3 Rxc3 28.Qe5 R8c4 29.e3 Rxe3
30.Qxe3 Qxd4 31.Qxd4 Rxd4 32.f5 Bd7 33.Rf2 f6 34.g6 Kf8 35.Bf1 Ke7 36.Rb2 b6  0-1

[Event "Moscow-A"]
[Site "Moscow"]
[Date "1988.??.??"]
[Round "?"]
[White "Chernin, Alexander"]
[Black "Razuvaev, Yuri S"]
[Result "1/2-1/2"]
[WhiteElo "2560"]
[BlackElo "2535"]

1.c4 e5 2.g3 Nc6 3.Bg2 g6 4.Nc3 Bg7 5.e3 d6 6.Nge2 Nh6 7.d3 O-O 8.O-O Be6
9.h3 Qd7 10.Kh2 f5 11.f4 Nf7 12.b3 Qd8 13.Bb2 Rb8 14.Qd2 Ne7  1/2-1/2

[Event "URS-chT"]
[Site "Naberezhnie Chelni"]
[Date "1988.??.??"]
[Round "?"]
[White "Smagin, Sergey"]
[Black "Nikolenko, Oleg"]
[Result "0-1"]
[WhiteElo "2550"]
[BlackElo "2405"]

1.c4 e5 2.g3 Nf6 3.Bg2 d5 4.cxd5 Nxd5 5.Qa4+ Nc6 6.Nc3 Be6 7.a3 Be7 8.Nf3 Nb6
9.Qc2 Nd4 10.Nxd4 exd4 11.Ne4 Bd5 12.Bh3 O-O 13.O-O f5 14.Nc5 Qe8 15.e4 dxe3
16.dxe3 Qh5 17.e4 Bc4 18.Bxf5 Bxc5 19.b3 Rxf5  0-1

[Event "Nuremberg op"]
[Site "Nuremberg"]
[Date "1988.??.??"]
[Round "3"]
[White "Sehner, Norbert"]
[Black "Thormann, Wolfgang"]
[Result "1-0"]
[WhiteElo "2415"]
[BlackElo "2300"]

1.c4 e5 2.g3 Nf6 3.Bg2 d5 4.cxd5 Nxd5 5.Nf3 Nc6 6.d3 Be7 7.a3 a5 8.b3 Be6
9.Bb2 f6 10.O-O O-O 11.Qc2 Qd7 12.Rd1 Rfd8 13.Nbd2 Nb6 14.Nc4 a4 15.Nxb6 cxb6
16.bxa4 Na5 17.Nd2 Rdc8 18.Bc3 Rc7 19.Qb2 Bc5 20.e3 Qxd3 21.Bxa5 Rxa5 22.Bf1 Qg6
23.Nc4 Ra8 24.Nxb6 Rf8 25.Nd5 Rd7 26.Bc4 Kh8 27.Qb5 Ba7 28.Rd2 Bh3 29.Bf1 Be6
30.Rad1 f5 31.Qa5 Bb8 32.Qc5 Bd6 33.Qb6 Bb8 34.Nc3 Rdf7 35.Rd8 f4 36.Rxf8+ Rxf8
37.Rd8 Kg8 38.Rxf8+ Kxf8 39.Qxb7 Bd6 40.Ne4 Bxa3 41.Qb8+ Qe8 42.Qxe5 fxe3
43.fxe3 Kg8 44.Bc4  1-0

[Event "Prague Mladi-A"]
[Site "Prague"]
[Date "1988.??.??"]
[Round "7"]
[White "Sher, Miron N"]
[Black "Brdicko, Petr"]
[Result "1-0"]
[WhiteElo "2400"]
[BlackElo "2235"]

1.c4 e5 2.g3 Nf6 3.Bg2 Nc6 4.Nf3 h6 5.O-O Be7 6.Nc3 O-O 7.d4 d6 8.d5 Nb8
9.c5 c6 10.e4 Bg4 11.Qb3 Qc8 12.cxd6 Bxd6 13.Be3 cxd5 14.exd5 Bxf3 15.Bxf3 Na6
16.Rac1 Qd7 17.Nb5 e4 18.Bg2 b6 19.Nxd6 Qxd6 20.Rfd1 Nc5 21.Qa3 Nb7 22.Qa4 Nc5
23.Qa3 Nb7 24.Qc3 Rfd8 25.Qc6 Qe7 26.Bf4 Nd6 27.Qa4 Nfe8 28.Bf1 Nb7 29.Qd4 Ned6
30.Rc6 Nf5 31.Qc3 Nbd6 32.Bh3 Qe8 33.a4 Rac8 34.Bxd6 Rxc6 35.dxc6 Rxd6 36.Rxd6 Nxd6
37.c7 Nc8 38.Qd4  1-0

[Event "Riga"]
[Site "Riga"]
[Date "1988.??.??"]
[Round "?"]
[White "Pigusov, Evgeny"]
[Black "Podgaets, Mikhail"]
[Result "0-1"]
[WhiteElo "2530"]
[BlackElo "2450"]

1.c4 e5 2.g3 Nf6 3.Bg2 c6 4.d4 exd4 5.Qxd4 d5 6.Nc3 dxc4 7.Qxc4 Be6 8.Qa4 Nbd7
9.Nf3 Bc5 10.O-O O-O 11.Qc2 h6 12.Na4 Bd6 13.Nd4 Bg4 14.e4 Nb6 15.Nc5 Bxg3
16.hxg3 Qxd4 17.Be3 Qc4 18.Qb1 Nbd7 19.Rc1 Qb5 20.a4 Qa5 21.f3 Bh5 22.b4 Qc7
23.Bf4 Ne5 24.Qb2 Rfe8 25.b5 Bxf3 26.Bxe5 Rxe5 27.Bxf3 Rg5 28.e5 Rxg3+ 29.Kf2 Rg5
30.Nxb7 Rxe5 31.Rxc6 Qe7 32.Nd6 Rd8 33.Rd1 Re6 34.Nf5 Qe8 35.Rxd8 Qxd8 36.Qc2 Qd7
37.Rc8+ Ne8 38.Ra8 Rf6 39.Bc6 Rxf5+ 40.Kg2 Rg5+ 41.Kf1 Qh3+ 42.Ke2 Rg2+  0-1

[Event "Salamanca"]
[Site "Salamanca"]
[Date "1988.??.??"]
[Round "7"]
[White "Sunye Neto, Jaime"]
[Black "Garcia, Gildardo"]
[Result "1/2-1/2"]
[WhiteElo "2490"]
[BlackElo "2430"]

1.c4 e5 2.g3 Nf6 3.Bg2 d5 4.cxd5 Nxd5 5.Nc3 Nb6 6.Nf3 Nc6 7.a3 Be7 8.b4 Be6
9.d3 O-O 10.O-O a5 11.b5 Nd4 12.Nd2 c6 13.bxc6 Nxc6 14.Rb1 a4 15.Rb5 Qc7  1/2-1/2

[Event "Tatran Cup"]
[Site "Stary Smokovec"]
[Date "1988.??.??"]
[Round "3"]
[White "Stohl, Igor"]
[Black "Pribyl, Josef"]
[Result "1/2-1/2"]
[WhiteElo "2445"]
[BlackElo "2435"]

1.c4 e5 2.g3 Nc6 3.Bg2 g6 4.Nc3 Bg7 5.Rb1 d6 6.b4 Bf5 7.d3 Qd7 8.b5 Nd8 9.Nd5 c6
10.bxc6 bxc6 11.Nc3 Ne7 12.Ba3 O-O 13.Nf3 f6 14.O-O Nf7 15.Qa4 Rab8 16.Rxb8 Rxb8
17.d4 Qc7 18.Rd1 Bd7 19.dxe5 fxe5 20.Nd2  1/2-1/2